| 000 | 00730nam a22002297a 4500 | ||
|---|---|---|---|
| 005 | 20170124110140.0 | ||
| 010 | _aA-895466 | ||
| 020 |
_c00.00 _a8170249546 |
||
| 035 | _aA-895466 | ||
| 037 | _bCen Lib/Ret | ||
| 040 |
_aDPL _bEN |
||
| 082 |
_a658.562 _bNAR |
||
| 100 |
_aNarayan, B. _932691 |
||
| 245 |
_aTotal quality management / _cby B. Narayan |
||
| 260 |
_bA. P. H. Publishing Corporation _aNew Delhi _c1998 |
||
| 270 |
_bNew Delhi _a5, Ansari Road, Darya Ganj _e10002 |
||
| 300 |
_avi,284p. _c22cm(Hb) |
||
| 500 | _aIncludes index | ||
| 650 |
_aQuality control -- Periodicals _932692 |
||
| 650 |
_aProduction management -- Quality control -- Periodicals _932693 |
||
| 942 |
_2ddc _cEN _h658.562 _mNAR |
||
| 999 |
_c131761 _d131761 |
||